[Event "Blagoevgrad op"]
[Site "Blagoevgrad"]
[Date "2013.10.01"]
[Round "6"]
[White "Lalev, Ivan"]
[Black "Carboni, Enrico"]
[Result "1-0"]
[WhiteElo "2016"]
[BlackElo "1696"]
[PlyCount "101"]
[EventDate "2013.09.28"]
[EventType "swiss"]
[EventRounds "9"]
[EventCountry "BUL"]
[SourceTitle "CBM 156 Extra"]
[Source "ChessBase"]
[SourceDate "2013.10.22"]
[SourceVersion "1"]
[SourceVersionDate "2013.10.22"]
[SourceQuality "1"]

1. c4 e6 2. Nc3 Nf6 3. e4 d6 4. d4 Be7 5. Bd3 Nbd7 6. Nge2 e5 7. 0-0 0-0 8. d5 c6 9. h3 cxd5 10. cxd5 Nc5 11. Bc2 b6 12. Be3 Nfd7 13. Qd2 Ba6 14. b4 Bxe2 15. Qxe2 Nb7 16. Bd3 Bg5 17. Ba6 Rb8 18. Rac1 f5 19. exf5 Rxf5 20. Ne4 Bxe3 21. Qxe3 Nf6 22. Ng5 Qe7 23. Ne6 Nxd5 24. Qe4 Qxe6 25. Bc4 Rf4 26. Qxd5 Qxd5 27. Bxd5+ Kf8 28. Rc7 Nd8 29. Rfc1 Rd4 30. Bb3 d5 31. Rxa7 Ne6 32. Rc6 Nf4 33. Rcc7 Rxb4 34. Rf7+ Kg8 35. Rxg7+ Kh8 36. Rxh7+ Kg8 37. g3 Ne2+ 38. Kf1 Nc3 39. Rhc7 Rxb3 40. Rg7+ Kf8 41. axb3 e4 42. Rh7 Kg8 43. Rag7+ Kf8 44. Rc7 Kg8 45. Rhd7 d4 46. Rxd4 Nb5 47. Rcc4 Nxd4 48. Rxd4 Re8 49. Ke2 Re5 50. Ke3 Rb5 51. b4 1-0